|
|
|
|
| LEADER |
02060nam a2200589 i 4500 |
| 001 |
nkc20193134789 |
| 003 |
CZ PrNK |
| 005 |
20200224133432.0 |
| 007 |
ta |
| 008 |
190925s2019 xr a d f 000 0 cze |
| 015 |
|
|
|a cnb003134789
|
| 020 |
|
|
|a 978-80-7489-497-8
|q (brožováno)
|
| 035 |
|
|
|a (OCoLC)1130267034
|
| 040 |
|
|
|a OLA001
|b cze
|e rda
|
| 072 |
|
7 |
|a 514
|x Geometrie
|2 Konspekt
|9 13
|
| 080 |
|
|
|a 51
|2 MRF
|
| 080 |
|
|
|a 514.11
|2 MRF
|
| 080 |
|
|
|a 514.116
|2 MRF
|
| 080 |
|
|
|a 373.5.016
|2 MRF
|
| 080 |
|
|
|a 373.5.091.274/.275
|2 MRF
|
| 080 |
|
|
|a (035)
|2 MRF
|
| 080 |
|
|
|a (076.1/.3)
|2 MRF
|
| 100 |
1 |
|
|a Tlustý, Pavel,
|d 1963-
|7 mzk2004229550
|4 aut
|
| 245 |
1 |
0 |
|a Matematika s nadhledem :
|b od prváku k maturitě.
|n 9. díl,
|p Goniometrie a trigonometrie /
|c Pavel Tlustý, Eva Pomykalová
|
| 246 |
3 |
0 |
|a Goniometrie a trigonometrie
|
| 250 |
|
|
|a 1. vydání
|
| 264 |
|
1 |
|a Plzeň :
|b Fraus,
|c 2019
|
| 300 |
|
|
|a 115 stran :
|b barevné ilustrace ;
|c 30 cm
|
| 336 |
|
|
|a text
|b txt
|2 rdacontent
|
| 337 |
|
|
|a bez média
|b n
|2 rdamedia
|
| 338 |
|
|
|a svazek
|b nc
|2 rdacarrier
|
| 490 |
1 |
|
|a Škola s nadhledem
|
| 650 |
0 |
7 |
|a matematika
|7 ph117231
|2 czenas
|
| 650 |
0 |
7 |
|a goniometrie
|7 ph120582
|2 czenas
|
| 650 |
0 |
7 |
|a trigonometrie
|7 ph126744
|2 czenas
|
| 650 |
0 |
7 |
|a učivo středních škol
|7 ph136702
|2 czenas
|
| 650 |
0 |
7 |
|a maturitní otázky
|7 ph136699
|2 czenas
|
| 650 |
0 |
9 |
|a mathematics
|2 eczenas
|
| 650 |
0 |
9 |
|a goniometry
|2 eczenas
|
| 650 |
0 |
9 |
|a trigonometry
|2 eczenas
|
| 650 |
0 |
9 |
|a secondary school curriculum
|2 eczenas
|
| 650 |
0 |
9 |
|a preparation for high school equivalency examinations
|2 eczenas
|
| 655 |
|
7 |
|a příručky
|7 fd133209
|2 czenas
|
| 655 |
|
7 |
|a sbírky úloh
|7 fd132056
|2 czenas
|
| 655 |
|
9 |
|a handbooks and manuals
|2 eczenas
|
| 655 |
|
9 |
|a examinations, questions, etc.
|2 eczenas
|
| 700 |
1 |
|
|a Pomykalová, Eva
|7 jn20001227663
|4 aut
|
| 830 |
|
0 |
|a Škola s nadhledem
|0 s
|
| 910 |
2 |
|
|a BOA001
|b 4-1428.488,9
|
| 990 |
|
|
|a BK
|
| 995 |
|
|
|a 01
|
| 996 |
6 |
|
|b 2610816387
|c 4-1428.488,9
|l MZK
|r Sklad / do 1 hodiny
|n 0
|p p.v.
|w 001784046
|u 000010
|a 1
|e BOA001
|j MZK50
|s P
|